Cargando...

Operations research and quality management

Detalles Bibliográficos
Autor Principal: Sunita Giri
Formato: Printed Book
Publicado: Jaipur ABD Publishers 2006
Subjects:
LEADER 00598nam a22001697a 4500
020 |a 81-8376-060-0 
082 |a 658.404  |b GIR/O 
100 |a Sunita Giri  |9 168834 
245 |a Operations research and quality management  
260 |a Jaipur  |b ABD Publishers  |c 2006 
300 |a 344p. 
650 |a Operations research  |9 168835 
650 |a Operations research  |9 168835 
650 |a Total quality management  |9 168836 
942 |c BK 
999 |c 187772  |d 187768 
952 |0 0  |1 0  |4 0  |6 658_404000000000000_GIR_O  |7 0  |8 NFIC  |9 187177  |a SMBS  |b SMBS  |c GEN  |d 2015-07-03  |g 900.00  |l 0  |o 658.404 GIR/O  |p SMBS1649  |r 2015-07-03  |w 2015-07-03  |y BK